000 01010nam a22002297a 4500
999 _c9634
_d9634
003 AR-CdUCM
008 190328b ||||| |||| 00| 0 spa d
040 _aMUNICIPALIDAD PROVINCIAL DEL CUSCO
_cBIBLIOTECA MUNICIPAL DEL CUSCO
082 _a985.04 / 1956 /
_bC813
100 _aCornejo Bouroncle, Jorge
_915278
245 _aPumacahua La revolución del Cuzco de 1814 :
_bestudio documentado /
260 _aCuzco :
_bEdit. H.G. Rozas,
_c1956.
300 _a709 páginas ;
_c23 cm.
500 _aCon dedicatoria del autor fecha 14 de abril de 1956.
505 _aContenido: Antecedentes de la revolución de 1814 -- Conspiración y rebelión de 1780 -- El sentido libertario de la revolución de Túpac Amaru -- Conspiración de Farfán y Tambohuacso - Sentencia y ejecución de los conjurados...
650 _aBiografías históricas
_96252
650 _aHistoria del Cusco
_91714
650 _aEmancipación americana
_925965
650 _aMateo Pumacahua
_945788
942 _2ddc
_cLIBROS
945 _adavv